Läkartidningen (Post nr. 4928)

MARC-detaljer
000 -LEADER
fixed length control field 00454 as a2200181 a 4500
001 - CONTROL NUMBER
control field 61780
008 - FIXED-LENGTH DATA ELEMENTS--GENERAL INFORMATION
fixed length control field s 9999sw |||p r|||||||||||swe||
022 ## - INTERNATIONAL STANDARD SERIAL NUMBER
International Standard Serial Number 0023-7205
084 ## - OTHER CLASSIFICATION NUMBER
Classification number (p)
Number source kssb/8
245 00 - TITLE STATEMENT
Title Läkartidningen
260 ## - PUBLICATION, DISTRIBUTION, ETC.
Name of publisher, distributor, etc. Läkartidningen förlag AB,
310 ## - CURRENT PUBLICATION FREQUENCY
Current publication frequency 36 Nr / år
500 ## - GENERAL NOTE
General note Går ut på cirkulation och sätts sedan ut i läsrummet.
762 0# - SUBSERIES ENTRY
Record control number 61781
762 0# - SUBSERIES ENTRY
Record control number 64631
762 0# - SUBSERIES ENTRY
Record control number 69055

Inga exemplar finns tillgängliga.

Medicinska biblioteket, Karlskoga lasarett
Måndag och onsdag: 10.00-14.30, Lunchstängt 11.30-12.00.
Fredagar: 10.00-12.00.

Madelene Ribbing, bibliotekarie
Lena Mileraux, biblioteksassistent/administratör
0586-664 49
medbibl.kgalas@regionorebrolan.se




Medicinska biblioteket, Lindesbergs lasarett
Dörren till bibliotket är upplåst mellan 07-16:00 på vardagar.
Dörren i hisshallen är öppen måndag - tosdag 7.00 - 15.00. Fredagar stängt.

Bibliotekets bemanning:
Mån: självbetjäning
Tis, ons och tors: 10-15
Fre: självbetjäning

Madelene Ribbing, bibliotekarie
Telefon: 0581-853 11, 072-14 77 552
medbibl.lbglas@regionorebrolan.se